Biodiversity Since Rio <The> Future of the Convention on Biological Diversity
Salvato in:
| Autore principale: | |
|---|---|
| Altri autori: | |
| Natura: | Libro |
| Lingua: | inglese |
| Pubblicazione: |
Laxenburg
International Institute for Applied Systems Analysis
1996
|
| Edizione: | 1. ed. |
| Serie: | RR-96-15
|
| Soggetti: | |
| Tags: |
Nessun Tag, puoi essere il primo ad aggiungerne!!
|
MARC
| LEADER | 00000nam a2200000 4500 | ||
|---|---|---|---|
| 001 | c019201 | ||
| 005 | 20240229082718.7 | ||
| 041 | 0 | |a eng | |
| 044 | |a AT | ||
| 245 | 1 | 0 | |a Biodiversity Since Rio |b <The> Future of the Convention on Biological Diversity |c Kal Raustiala, David G. Victor |
| 250 | |a 1. ed. | ||
| 264 | 1 | |a Laxenburg |b International Institute for Applied Systems Analysis |c 1996 | |
| 300 | |a 11 s. | ||
| 490 | 1 | |a RR-96-15 | |
| 830 | 0 | |a RR-96-15 | |
| 610 | 2 | 0 | |a biosféra |
| 610 | 2 | 0 | |a diverzita biologická |
| 610 | 2 | 0 | |a ochrana prostredia životného |
| 610 | 2 | 0 | |a environmentalistika |
| 610 | 2 | 0 | |a politika environmentálna |
| 610 | 2 | 0 | |a konferencie |
| 610 | 2 | 0 | |a projekty |
| 100 | 1 | |a Raustiala, Kal | |
| 700 | 1 | |a Victor, David G. | |